00387nam a22001337a 450000500170000000800410001704100230005808200120008110000220009324500310011526000470014630000340019365000260022720240719132432.0240719b |||||||| |||| 00| 0 eng d aEnglish/Afrikaans  a349 SOU lEnglish/Afrikaans aSouth African Law Reports  aCape Town: bJuta and Company Ltd, c1989  blxxxii, 1004 pages; c26 cm.  aLegal practice bLaw